000 00399nam a2200157 i 4500
001 91329
003 ES-MaACL
005 20230906180709.0
007 t|
008 050128s1908 fr ||||1| fre d
100 1 _aLevel, Maurice.
_971923
245 1 2 _aL'epouvante /
_cMaurice Level.
260 _aParĂ­s :
_b[s.n.,
_c1908] (
_fMouillot)
300 _a299 p. ;
_c19 cm.
852 _aES-MaACL
_jD-1030
999 _c91329
_d91329